Loading...
| Fine Arts - Classical Music | 0 | 3 | 0 | 1 | 30 | 99 | 123.00 | 0 | 0 | 2.65 | 10.49 |
| Religion | 0 | 3 | 1 | 0 | 25 | 87 | 103.00 | 0 | 2 | 5.61 | 18.06 |
| History - American | 0 | 2 | 0 | 1 | 20 | 125 | 127.00 | 0 | 0 | -0.09 | 4.17 |
| History - Other | 0 | 2 | 0 | 1 | 20 | 51 | 85.50 | 0 | 1 | 6.43 | 9.72 |
| History - European | 0 | 2 | 0 | 2 | 20 | 126 | 133.00 | 0 | 0 | 0.00 | 2.78 |
| Science - Other | 0 | 2 | 0 | 1 | 20 | 101 | 112.50 | 0 | 1 | 1.52 | 8.33 |
| Science - Chemistry | 0 | 2 | 1 | 1 | 15 | 115 | 121.50 | 0 | 0 | 0.37 | 5.56 |
| History - World | 0 | 1 | 0 | 1 | 10 | 135 | 135.00 | 0 | 0 | 0.00 | 1.39 |
| Literature - European | 0 | 1 | 0 | 0 | 10 | 59 | 59.00 | 1 | 1 | 6.33 | 11.11 |
| Social Science | 0 | 1 | 1 | 0 | 5 | 98 | 98.00 | 0 | 1 | 1.64 | 6.94 |
| Geography/Current Events | 0 | 1 | 2 | 0 | 0 | 72 | 72.00 | 0 | 1 | 8.57 | 10.00 |
| Science - Physics | 0 | 0 | 0 | 0 | 0 | 0.00 | 0 | 0 | 0.00 | 0.00 | |
| Fine Arts - Other | 0 | 0 | 0 | 0 | 0 | 0.00 | 0 | 0 | 0.00 | 0.00 | |
| Philosophy | 0 | 0 | 1 | 0 | -5 | 0.00 | 0 | 0 | 0.00 | 0.00 | |
| Literature - British | 0 | 0 | 1 | 0 | -5 | 0.00 | 0 | 0 | 0.00 | 0.00 |